Générique Clifford le gros chien rouge - Paroles - Statistiques

Statistiques générales
  • Ce quiz a été pris 102 fois
  • Le résultat moyen est 15 sur 24
Statistiques - réponses
Paroles % Correct
Le gros chien {rouge}
95%
Et voici {Clifford} mon ami
94%
Bonjour, je me {présente}
91%
Alors elle l'a {adopté}
88%
Je m'appelle {Émily}
86%
Qu'il y a sur {Terre}
86%
C'est aussi le plus grand {chien}
84%
Clifford a choisi {Emily}
84%
Elle l'a tant {aimé} que
84%
Le grand chien {rouge}
84%
Et il a fallu {déménager}
83%
Clifford a vraiment {grandit}
73%
Oh j'aime {Clifford}
65%
Oh j'aime Clifford le grand chien {rouge}
65%
Clifford c'est l'ami que {chacun} espère
57%
Les mignons par un beau {matin}
49%
Avec lui faut que ca {bouge}
42%
Sont partis avec leurs {bagages}
38%
Mon chien {fidèle}
35%
Attend que tu l'{appelles}
34%
Pour les accueillir au bout du {voyage}
31%
Où trouver d'autres {copains}
30%
Clifford est si {drôle}
10%
Sur l'île de {Birdwell}
2%
Aucun quiz correspondant
Distribution des résultats
% des personnes avec chaque résultat
Percentile par nombre de réponses
Votre historique - résultats
Vous n’avez pas pris ce quiz